Legislatívny vývoj v rámci obozretného podnikania bánk

Inštitucionálny dohľad nad finančným trhom v rámci EÚ. Predchádzanie krízam na mikroúrovni - krízový manažment bánk. Zavádzanie "krízovej legislatívy".

Guardado en:
Detalles Bibliográficos
Autor principal: Assad, Ali
Formato: Capítulo de libro
Lenguaje:eslovaco
Materias:
Etiquetas: Agregar Etiqueta
Sin Etiquetas, Sea el primero en etiquetar este registro!

MARC

LEADER 00000naa$a2200000$$$4500
001 0233438
005 20240502083621.6
041 0 |a slo 
044 |a RS 
245 1 0 |a Legislatívny vývoj v rámci obozretného podnikania bánk  |c Ali Assad 
520 |a Inštitucionálny dohľad nad finančným trhom v rámci EÚ. Predchádzanie krízam na mikroúrovni - krízový manažment bánk. Zavádzanie "krízovej legislatívy". 
610 2 0 |a banky 
610 2 0 |a trh finančný 
610 2 0 |a inštitúcie finančné 
610 2 0 |a regulácia 
610 2 0 |a dohľad nad finančným trhom 
610 2 0 |a manažment krízový 
610 2 0 |a podnikanie obozretné 
610 2 0 |a Európska únia 
610 2 0 |a Slovensko 
100 1 |a Assad, Ali